|
|
|
|
| LEADER |
01363nam a2200397 4500 |
| 001 |
ocn775420155 |
| 003 |
OCoLC |
| 005 |
20180501121954.0 |
| 006 |
m o d |
| 007 |
cr |n||||||||| |
| 008 |
110810s2011 ne o 000 0 eng d |
| 040 |
|
|
|a CDX
|b eng
|e pn
|c CDX
|d OCLCQ
|d IDEBK
|d TEF
|d OPELS
|d OCLCQ
|d OCLCF
|d OCLCQ
|d DEBBG
|d GrThAP
|
| 019 |
|
|
|a 767809189
|a 816874362
|a 823130591
|
| 020 |
|
|
|a 9780444538864
|q (electronic bk.)
|
| 020 |
|
|
|a 0444538860
|q (electronic bk.)
|
| 020 |
|
|
|a 1283348187
|
| 020 |
|
|
|a 9781283348188
|
| 024 |
8 |
|
|a 9786613348180
|
| 035 |
|
|
|a (OCoLC)775420155
|z (OCoLC)767809189
|z (OCoLC)816874362
|z (OCoLC)823130591
|
| 050 |
|
4 |
|a QC351
|b .P7 2011eb
|
| 072 |
|
7 |
|a PHJ
|2 bicssc
|
| 082 |
0 |
4 |
|a 535
|2 23
|
| 049 |
|
|
|a TEFA
|
| 245 |
0 |
0 |
|a Progress in optics.
|n Volume 56 /
|c Emil Wolf, series editor.
|
| 260 |
|
|
|a Amsterdam ;
|a London :
|b Elsevier Science,
|c 2011.
|
| 300 |
|
|
|a 1 online resource (1 volume)
|
| 336 |
|
|
|a text
|b txt
|2 rdacontent
|
| 337 |
|
|
|a computer
|b c
|2 rdamedia
|
| 338 |
|
|
|a online resource
|b cr
|2 rdacarrier
|
| 588 |
0 |
|
|a Print version record.
|
| 650 |
|
0 |
|a Optics.
|
| 650 |
|
7 |
|a Optics.
|2 fast
|0 (OCoLC)fst01046845
|
| 655 |
|
4 |
|a Electronic books.
|
| 700 |
1 |
|
|a Wolf, Emil.
|4 edt
|
| 776 |
0 |
8 |
|i Print version:
|z 9786613348180
|
| 856 |
4 |
0 |
|u https://www.sciencedirect.com/science/bookseries/00796638/56
|z Full Text via HEAL-Link
|